Analysis of certain aspects of Slovakia`s membership in the European Union

Miesto Slovenska v Európskej únii. Zmeny v slovenskej ekonomike za desať rokov členstva v Európskej únii. Tempo rastu HDP. Prílev priamych zahraničných investícií na Slovensko v rokoch 2004-2012. Vývoj nezamestnanosti v SR v rokoch 2004-2013.

Saved in:
Bibliographic Details
Main Author: Lipková, Ľudmila
Format: Book Chapter
Language:Slovak
Subjects:
Tags: Add Tag
No Tags, Be the first to tag this record!

MARC

LEADER 00000nla a2200000 4500
001 0200153
005 20240502073403.9
041 0 |a slo 
044 |a SK 
245 1 0 |a Analysis of certain aspects of Slovakia`s membership in the European Union  |c Ľudmila Lipková 
520 |a Miesto Slovenska v Európskej únii. Zmeny v slovenskej ekonomike za desať rokov členstva v Európskej únii. Tempo rastu HDP. Prílev priamych zahraničných investícií na Slovensko v rokoch 2004-2012. Vývoj nezamestnanosti v SR v rokoch 2004-2013. 
610 2 0 |a situácia hospodárska 
610 2 0 |a rast hospodársky 
610 2 0 |a produkt domáci hrubý 
610 2 0 |a nezamestnanosť 
610 2 0 |a investície priame zahraničné 
610 2 0 |a výkonnosť ekonomiky 
610 2 0 |a Slovensko 
610 2 0 |a Európska únia 
100 1 |a Lipková, Ľudmila